[Event "AUTO-OPEN-4611"]
[Site "http://www.queenalice.com/game.php?id=1861986"]
[Date "2025.8.24"]
[Round "1"]
[White "Zero007"]
[Black "zmanomega"]
[Result "1-0"]
[WhiteElo "2030"]
[BlackElo "1669"]

1. e4 e5 2. Nf3 Nc6 3. Bc4 f6 4. d4 Nge7 5. dxe5 d6 6. exf6 gxf6 7. Be3 Bg4 8.
Nbd2 d5 9. exd5 Nxd5 10. Bxd5 Qxd5 11. Qe2 Bf5 12. Nd4 O-O-O 13. Nxf5 Qxf5 14.
O-O Rg8 15. Qf3 Qxc2 16. Rfc1 Qg6 17. Rxc6 bxc6 18. Qxc6 Rd6 19. Qf3 Qc2 20. Ne4
Ra6 21. Rd1 Be7 22. Nxf6 Bxf6 23. Qa8# 1-0

[Event "AUTO-OPEN-4611"]
[Site "http://www.queenalice.com/game.php?id=1861987"]
[Date "2025.8.24"]
[Round "1"]
[White "zmanomega"]
[Black "Zero007"]
[Result "0-1"]
[WhiteElo "1671"]
[BlackElo "2012"]

1. e4 e5 2. Nf3 Nc6 3. c3 d5 4. Bd3 Nf6 5. Bb5 dxe4 6. Ng1 Bd7 7. Bc4 Na5 8. Bb3
Nxb3 9. axb3 Bg4 10. Qc2 Bc5 11. b4 Bb6 12. h3 Bh5 13. g4 Bg6 14. Qd1 Bxf2+ 15.
Kxf2 e3+ 16. Kf1 Bd3+ 17. Ne2 Ne4 18. Rg1 Qf6+ 19. Kg2 Qf2+ 20. Kh1 Bxe2 21. Qe1
Bf3+ 0-1

[Event "AUTO-MASTER-3278"]
[Site "http://www.queenalice.com/game.php?id=1862062"]
[Date "2025.8.25"]
[Round "1"]
[White "Zero007"]
[Black "chessman"]
[Result "1-0"]
[WhiteElo "2014"]
[BlackElo "2021"]

1. e4 e6 2. Nf3 d5 3. exd5 exd5 4. d4 Nf6 5. Bd3 Be7 6. h3 c6 7. O-O O-O 8. Bf4
a6 9. a4 Re8 10. Nbd2 Nbd7 11. c3 Nf8 12. c4 dxc4 13. Bxc4 Nd5 14. Bh2 Ng6 15.
Qb3 h6 16. a5 Bd6 17. Bxd6 Qxd6 18. Rfe1 Rxe1+ 19. Rxe1 Be6 20. Ne4 Qd7 21. Nc5
b6 22. Nxd7 1-0

[Event "AUTO-MASTER-3278"]
[Site "http://www.queenalice.com/game.php?id=1862063"]
[Date "2025.8.25"]
[Round "1"]
[White "chessman"]
[Black "Zero007"]
[Result "1-0"]
[WhiteElo "1972"]
[BlackElo "2072"]

1. e4 c6 2. d4 d5 3. e5 c5 4. c3 cxd4 5. cxd4 a6 6. Nf3 Bf5 7. Be2 e6 8. Nc3 Bb4
9. O-O Ne7 10. Be3 h6 11. a3 Ba5 12. Rc1 Nbc6 13. b4 Bc7 14. Na4 O-O 15. Nc5 Rb8
16. Bd3 Bxd3 17. Qxd3 Qc8 18. Nd2 Ra8 19. f4 b6 20. Ncb3 Qb7 21. Nf3 Nf5 22. g4
Nxe3 23. Qxe3 Ne7 24. Kh1 Kh8 25. Qd3 Rfc8 26. f5 1-0

[Event "AUTO-MASTER-3278"]
[Site "http://www.queenalice.com/game.php?id=1862064"]
[Date "2025.8.25"]
[Round "1"]
[White "Zero007"]
[Black "cerenzo72"]
[Result "0-1"]
[WhiteElo "2042"]
[BlackElo "2125"]

1. e4 e5 2. Nf3 d6 3. d4 exd4 4. Nxd4 g6 5. Nc3 Bg7 6. Be3 Nf6 7. Be2 O-O 8. Qd2
b6 9. O-O Bb7 10. Bf3 Nbd7 11. Bh6 Ne5 12. Rfe1 Nxf3+ 13. Nxf3 Qd7 14. Bxg7 Kxg7
15. h3 Rae8 16. Qf4 Re7 17. g4 Rfe8 18. e5 dxe5 19. Nxe5 Qc8 20. Nd3 c5 21. f3
c4 22. Rxe7 Rxe7 23. Nf2 Qc5 24. Kg2 Re3 25. Nce4 Nxe4 26. fxe4 Re2 27. Kf1 Rxc2
28. g5 Qc6 29. Ng4 Qe6 30. Rd1 Bxe4 0-1

[Event "AUTO-MASTER-3278"]
[Site "http://www.queenalice.com/game.php?id=1862066"]
[Date "2025.8.25"]
[Round "1"]
[White "Zero007"]
[Black "IranSilva"]
[Result "1/2-1/2"]
[WhiteElo "2064"]
[BlackElo "2270"]

1. e4 e5 2. Nf3 Nc6 3. Bb5 a6 4. Ba4 b5 5. Bb3 Na5 6. d3 Nxb3 7. axb3 d6 8. h3
Bb7 9. O-O Ne7 10. Be3 Ng6 11. Nc3 Be7 12. Nd5 Bxd5 13. exd5 f5 14. c4 O-O 15.
Bd2 e4 16. dxe4 fxe4 17. Nd4 Bf6 18. Ne6 Qe7 19. Nxf8 Qxf8 20. Bc3 b4 21. Bxb4
Bxb2 22. Ra2 Bf6 23. Re2 Re8 24. Bd2 Nh4 25. Rfe1 1/2-1/2

[Event "AUTO-MASTER-3278"]
[Site "http://www.queenalice.com/game.php?id=1862067"]
[Date "2025.8.25"]
[Round "1"]
[White "IranSilva"]
[Black "Zero007"]
[Result "1-0"]
[WhiteElo "2265"]
[BlackElo "2032"]

1. Nf3 Nf6 2. g3 d5 3. Bg2 b6 4. O-O Bb7 5. d4 e6 6. Bg5 Be7 7. Nbd2 Nbd7 8. a4
h6 9. Bf4 Bd6 10. Ne5 g5 11. Nxd7 Qxd7 12. Bxd6 Qxd6 13. c3 O-O-O 14. a5 g4 15.
axb6 axb6 16. Qc2 Kd7 17. e4 dxe4 18. Nxe4 Nxe4 19. Bxe4 Bxe4 20. Qxe4 Qd5 21.
Qxg4 h5 22. Qf4 f5 23. c4 Qe4 24. Qxe4 fxe4 25. Rfe1 1-0

[Event "Caminhos do Rio Doce"]
[Site "http://www.queenalice.com/game.php?id=1863405"]
[Date "2025.9.25"]
[Round "-"]
[White "Zero007"]
[Black "Capixaba789"]
[Result "1/2-1/2"]
[WhiteElo "2062"]
[BlackElo "1788"]

1. e4 e5 2. Nf3 d6 3. d4 exd4 4. Nxd4 Nf6 5. Nc3 Bd7 6. Bc4 Nc6 7. O-O Be7 8.
Nf5 Bxf5 9. exf5 O-O 10. Re1 a5 11. a3 Ne5 12. Nd5 Nxd5 13. Bxd5 c6 14. Ba2 Bf6
15. Bf4 Qc8 16. Qxd6 Rd8 17. Qc5 Ng4 18. Be3 Nxe3 19. fxe3 Bxb2 20. Rab1 Bf6 21.
Rbd1 Re8 22. e4 Rd8 23. Qc4 Rf8 24. g4 b5 25. Qb3 a4 26. Qe3 c5 27. e5 Bh4 28.
Re2 h6 29. Qe4 Kh8 30. Bb1 Bg5 31. c3 c4 32. e6 f6 33. Qd5 Rb8 34. Kg2 Bf4 35.
Be4 Be5 36. Qd7 Qxd7 37. Rxd7 Bxc3 38. Bc6 Be5 39. Rc2 c3 40. Rd5 Rfc8 41. Bxb5
Ra8 1/2-1/2

[Event "A velha ponte da cidade"]
[Site "http://www.queenalice.com/game.php?id=1863406"]
[Date "2025.9.25"]
[Round "-"]
[White "Capixaba789"]
[Black "Zero007"]
[Result "1/2-1/2"]
[WhiteElo "1903"]
[BlackElo "2073"]

1. d4 d5 2. Nc3 Nf6 3. f4 Bf5 4. Nf3 e6 5. e3 a6 6. Bd3 Ne4 7. O-O Nd7 8. Ne5
Nxc3 9. bxc3 Bxd3 10. cxd3 Nxe5 11. fxe5 c5 12. Qf3 Qd7 13. a4 cxd4 14. cxd4 a5
15. Ba3 Bxa3 16. Rxa3 O-O 17. Rb1 Rfb8 18. Rb5 b6 19. Qd1 Rb7 20. Qb1 Rab8 21.
Rab3 Qc7 22. h3 h6 23. Kf1 f6 24. exf6 Qf7 25. Rxb6 Qxf6+ 26. Kg1 Rxb6 27. Rxb6
Rxb6 28. Qxb6 Qg6 29. Qxa5 1/2-1/2